Personnages RPZ selon une anecdote/caractéristique - Statistiques

Statistiques générales
  • Ce quiz a été pris 357 fois
  • Le résultat moyen est 50 sur 92
Statistiques - réponses
Hint Réponse % Correct
Numero Dos Miguel Rodriguez
95%
"Cher.e ami.e" Grégoire Maison
84%
A un accent québelge Bernard Pichon
83%
Fille cachée de Docteur Maison Hayley Mayers / 3Pac
82%
Capitaine du LSPD Bill Boid
81%
"DONA" Fabien Torez
81%
A un trouble dissociatif de l'identité Lucy Hellman/Ted
81%
"Ceintoure" Inigo de Montoya, Miguel Rodriguez, Vagos
80%
"NCISSSSSS" Lindsay Walker
80%
"Dona tourne toi" Lorenza Blake
80%
El jefe Lenny Johnson
79%
Charles Collins Miguel Rodriguez
77%
Imite très bien la goutte d'eau Fabien Torez
75%
Adversité Les Croute (Antoine et Daniel)
75%
3944 Donatien de Montazac
74%
"L'information n'attend pas" Earl Bailey
74%
Aime un peu trop la boisson alcoolisée Marius Rotarez
74%
Docteur Madame Vanessa Martoni
73%
Personne n'a voté pour lui aux élections Bazil Lombrick
72%
Détective privé Harry Bauer
72%
A poussé Earl Bailey du haut d'un pont pour le tuer Kenneth Manbrock
72%
A longtemps cherché le numéro des Croute alors qu'il l'avait depuis le premier jour Joshua Cox
69%
"A-MÉ-RI-CAIN" Michael Rixxy
69%
MC Coma Roy Mark
69%
Journaliste reconvertie en membre du LSPD Sarah Carter
69%
Coma Antoine Croute
67%
Kiwi Inigo de Montoya
67%
4è aux élections Marius Rotarez
67%
Pain de mie Tom Harris
67%
Offre une moto à Kuck avant de lui annoncer qu'elle a braqué une banque Vanessa Martoni
67%
Avoue qu'elle n'a jamais vue NCIS au grand désarroi de Lindsay Kelly Vendrick
66%
A payé Donatien pour qu'il reprenne les Croute en stage Kiddy West
65%
Se vante d'avoir été dans le magasine Forbes Donatien de Montazac
64%
A une vache nommée Carla Roy Mark
64%
Vigneron reconverti en flic Guy Monier
62%
3è des élections Henriette de Lacroix
62%
Annonce à Boid dans sa chanson au Los Santos Got Talent qu'il n'a jamais passé son permis Alain Panis
61%
A fait croire qu'elle était enceinte mais ne l'est pas Béatrice de Tournesol
61%
N'aime pas se faire appelé "Pepperoni" Marcello Capone
60%
N'aime pas les communistes Michael Rixxy
60%
Tête de chien Baptiste Polco/Doberman
59%
Voitures roses du LSPD Jean Némard
59%
Change de langue en fonction du plat qu'elle mange Rose Dwight
59%
Sont frères mais n'ont pas la même mère Bazil Lombrick/Roy Mark
57%
"Hermana" Juan Carlos
57%
"Ooookayyy" Johnny Monnay
56%
Super héro venu faire régner la justice Jokerion/Mysterion/Jean Clanche
56%
Licencié le dernier jour du LSMS après le Los Santos Got Talent Didier Traoul
55%
Miguel s'amuse à la surnommée "Couptère" Haylie James
55%
Chauffeur des Pichon Jim Westwood
55%
Ont gagné un ULM suite à un concours de chasse Les Pagnolesse (Patrick et Jacky)
54%
"Salut mon pote" Liam Dunne
54%
Est hémophile Bazil Lombrick
53%
"Ceintuuuure" Francis Kuck
53%
Porte une sacoche jaune Haylie James
53%
A châtié les cousins Croute William Morgan
53%
Pratique la saignée Béatrice de Tournesol
51%
Écrasé par un camion Kim Dwight
51%
Alice Douce Le iench
51%
Se crasha lors de son passage au Los Santos Got Talent Gauthier Fast
50%
Stagiaire du LSPD Julien Grine
49%
A fait du beat box sur la scène du Los Santos Got Talent Rayou White
49%
A réussi à récupérer Marius Rotarez dans le coma en haut de l'immeuble grâce à une incroyable manoeuvre en hélicoptère Didier Traoul
47%
"Attention quand même" Daniel Croute
46%
Cache à sa soeur les mauvaises nouvelles sur leurs parents Lara Blake
46%
Meilleur élément du LSPD Le iench
45%
Membre des Vagos qui meurt RP El Racoon (Matéo Sanchez)
43%
Feu son mari Victor Joséphine de Beaucollier
43%
Premier membre de l'amicale du LSPD Gontran Santé
42%
Première mort RP du serveur Yann Allée
42%
Journaliste qui a propagé la rumeur du vin empoisonné Sally Sullivan
41%
Fer 9 Titouan Martino
41%
Emmène Earl Bailey dans son camion sur ordre de Bill Boid Fabien Torez
40%
"Coupable !" Bazil Lombrick
36%
S'est trompé en envoyant des informations des Families à Liam au lieu de Lenny Didier Traoul
36%
Le personnage qui s'est pris la balle de Johnny Monnay tirée par accident dans le bus Abigail King
33%
Propriétaire du bar du Paradise Driss de Niss
33%
Danse synchronisé avec Docteur Maison Arthur Holloway
31%
Tira sur Doberman et le tuera Feels Bon
31%
Ancien militaire de l'armée et travaillant à la LSPD Franck Peine
29%
"Mon refré" Twain Logan (MT)
29%
Influenceurs Les frères Terieur (Alain et Alex)
26%
C'est un mythomane Bobby cooper/Donovan Entorsowski
18%
Le personnage ayant reçu le plus d'amendes Devon Denis
18%
LSMS après avoir été au Gruppe6 Riley Mulder
17%
Il est allergique aux chiens Angelo Grimaldi
16%
S'est faite volée ses cheveux Bénedicte Concombre
16%
A gagné la Formula Race Gruppe6 et remporte 400.000 dollars Timothée Lambert
16%
A appelé la police avant son enlèvement Gérard Pichon
13%
"Olala" (Lors d'un des clips les plus vus de RPZ) Joséphine de Beaucollier
13%
Chargé d'enquêter sur Lucy Hellman Thomas Giorno
13%
A un chien nommé Okami Ellena Elric
8%
Aucun quiz correspondant
Distribution des résultats
% des personnes avec chaque résultat
Percentile par nombre de réponses
Votre historique - résultats
Vous n’avez pas pris ce quiz